<?xml version="1.0" encoding="UTF-8"?>
<record
    xmlns:xsi="http://www.w3.org/2001/XMLSchema-instance"
    xsi:schemaLocation="http://www.loc.gov/MARC21/slim http://www.loc.gov/standards/marcxml/schema/MARC21slim.xsd"
    xmlns="http://www.loc.gov/MARC21/slim">

  <leader>01820nam a22001817a 4500</leader>
  <controlfield tag="003">IT-RoPau</controlfield>
  <controlfield tag="005">20220918175940.0</controlfield>
  <controlfield tag="008">130205b        xxu||||| |||| 00| 0 eng d</controlfield>
  <datafield tag="040" ind1=" " ind2=" ">
    <subfield code="c">IT-RoPau</subfield>
  </datafield>
  <datafield tag="100" ind1=" " ind2=" ">
    <subfield code="a">Alberione, Giacomo</subfield>
    <subfield code="q">Fondatore Famiglia Paolina</subfield>
    <subfield code="9">352</subfield>
  </datafield>
  <datafield tag="245" ind1=" " ind2=" ">
    <subfield code="a">Fioretti per il mese di maggio</subfield>
    <subfield code="b">proposti da Don Giacomo Alberione alla Famiglia Paolina</subfield>
  </datafield>
  <datafield tag="250" ind1=" " ind2=" ">
    <subfield code="a">II</subfield>
  </datafield>
  <datafield tag="260" ind1=" " ind2=" ">
    <subfield code="a">Roma</subfield>
    <subfield code="b">SSP</subfield>
    <subfield code="c">1985</subfield>
  </datafield>
  <datafield tag="300" ind1=" " ind2=" ">
    <subfield code="a">44 p.</subfield>
    <subfield code="c">21,5 cm</subfield>
  </datafield>
  <datafield tag="490" ind1=" " ind2=" ">
    <subfield code="a">Edizioni Archivio Storico Generale della Famiglia Paolina</subfield>
    <subfield code="v">I</subfield>
  </datafield>
  <datafield tag="520" ind1=" " ind2=" ">
    <subfield code="a">Indice
Presentazione
Introduzione
I Giorno
Fecondit&#xE0; spirituale
II Giorno
Coscienza pura
III Giorno
Docilit&#xE0; all' azione della grazia
IV Giorno
Fedelt&#xE0; alla missione ricevuta
V Giorno
Piet&#xE0; apostolica
VI Giorno
Riconoscenza per i doni del Signore
VII Giorno
Unione con Cristo vivente in Maria
VIII Giorno
Accettazione amorosa della volont&#xE0; di Dio
IX Giorno
Amore verginale e operoso
X Giorno
Irradiare la luce del Vangelo
XI Giorno
Sacrificio e gioia nell' apostolato
XII Giorno
Robustezza della fede
XIII Giorno
Essere "dono" per i fratelli
XIV Giorno
Ansia missionaria
XV Giorno
Santificarsi per santificare
XVI Giorno
Riparazione
XVII Giorno
Sofferenza corredentiva
XVIII Giorno
Il " Segreto di riuscita"
XIX Giorno
Fiducioso abbandono in Dio
XX Giorno
Scambio di amore sulla croce
XXI Giorno
Spirito della vocazione paolina
XXII Giorno
Totale conformit&#xE0; con Cristo
XXIII Giorno
Calice del dolore e calice della gioia
XXIV Giorno
Lieta rinuncia
XXV Giorno
" Con Maria Madre di Ges&#xF9;"
XXVI Giorno
Umilt&#xE0; e fiducia
XXVII Giorno
Vita di fede e di amore
XXVIII Giorno
Nella luce dell' eternit&#xE0;
XXIX Giorno
Missione sulla terra e in cielo
XXX Giorno
Dare Cristo, non se stessi
XXXI Giorno
Maria modello delle anime apostoliche
Conclusione
Preghiere

    
    </subfield>
  </datafield>
  <datafield tag="942" ind1=" " ind2=" ">
    <subfield code="2">ddc</subfield>
    <subfield code="c">BK</subfield>
  </datafield>
  <datafield tag="999" ind1=" " ind2=" ">
    <subfield code="c">37976</subfield>
    <subfield code="d">37976</subfield>
  </datafield>
  <datafield tag="952" ind1=" " ind2=" ">
    <subfield code="0">0</subfield>
    <subfield code="1">0</subfield>
    <subfield code="2">ddc</subfield>
    <subfield code="4">0</subfield>
    <subfield code="6">P_A6</subfield>
    <subfield code="7">1</subfield>
    <subfield code="a">PAULUS</subfield>
    <subfield code="b">PAULUS</subfield>
    <subfield code="d">2013-02-05</subfield>
    <subfield code="l">0</subfield>
    <subfield code="o">P A6</subfield>
    <subfield code="r">2013-02-05 00:00:00</subfield>
    <subfield code="w">2013-02-05</subfield>
    <subfield code="y">BK</subfield>
  </datafield>
</record>
